Report Of The finance committee On The Supplementary request For Waiver Of Domestic Vat, Domestic NHIL, Getfund Levy, Amounting To Three Million, Seven hundred And Twelve Thousand, Two Hundred And Fifty Ghana Cedis And Fifty -Five Pesewas ( GHC₵3,712,250.55) On Project Materials And Equipment Procured Locally By MESSRS. Shimizu Corporation Of The Advance Research Center For Infectious DisEases At The Noguchi Memorial Institute For Medical Research Center ( NMIMR) University Of Ghana Legon, 2020 (Record no. 2304)

MARC details
000 -LEADER
fixed length control field 01356nam a2200169Ia 4500
003 - CONTROL NUMBER IDENTIFIER
control field OSt
005 - DATE AND TIME OF LATEST TRANSACTION
control field 20250702103344.0
008 - FIXED-LENGTH DATA ELEMENTS--GENERAL INFORMATION
fixed length control field 240429s9999||||xx |||||||||||||| ||und||
041 ## - LANGUAGE CODE
Language code of text/sound track or separate title eng
082 ## - DEWEY DECIMAL CLASSIFICATION NUMBER
Classification number CR/NWMR/20
100 ## - MAIN ENTRY--PERSONAL NAME
Personal name Parliament of Ghana
245 #0 - TITLE STATEMENT
Title Report Of The finance committee On The Supplementary request For Waiver Of Domestic Vat, Domestic NHIL, Getfund Levy, Amounting To Three Million, Seven hundred And Twelve Thousand, Two Hundred And Fifty Ghana Cedis And Fifty -Five Pesewas ( GHC₵3,712,250.55) On Project Materials And Equipment Procured Locally By MESSRS. Shimizu Corporation Of The Advance Research Center For Infectious DisEases At The Noguchi Memorial Institute For Medical Research Center ( NMIMR) University Of Ghana Legon, 2020
300 ## - PHYSICAL DESCRIPTION
Extent 10p;tab
650 ## - SUBJECT ADDED ENTRY--TOPICAL TERM
Topical term or geographic name entry element Report Of The fianance committee On The Suppllementary request For Waiver Of Domestic Vat, - Domestic NHIL, Getfund Levy, Amounting To Three Million, Seven hundred And Twelve Thousand, two - Hundred And Fifty Ghana Cedis And Fifty -Five Pesewas ( GHc 3,712,250.55) On Project Materilas And E - Equipment Procured Locally By MESSRS. Shimizu Corporation Of The Advance Research Center - For Infectious DisEases At The Noguchi Memorial Institute For Medical - Research Center ( NMIMR) University Of Ghana Legon, 2020
942 ## - ADDED ENTRY ELEMENTS (KOHA)
Koha item type Committee Reports
Source of classification or shelving scheme Dewey Decimal Classification
Suppress in OPAC No
Holdings
Withdrawn status Lost status Damaged status Not for loan Home library Current library Shelving location Date acquired Total checkouts Full call number Date last seen Copy number Price effective from Koha item type
        Main Library Main Library Open Shelves 20/01/2023   CR/NWMR/20 4350 29/04/2024 1 29/04/2024 Committee Reports
©2026  Parliament of Ghana Library - All rights reserved